| 000 | 00575nam a2200181 a 4500 | ||
|---|---|---|---|
| 001 | 000045142 | ||
| 005 | 20210420134534.0 | ||
| 008 | 150205s1992 dr a 000 0 spa d | ||
| 040 |
_aDO-SdBNP _bspa _cBNPHU |
||
| 082 |
_axxxx _bxxxx |
||
| 100 |
_aSherezada Vicioso, Luisa Angélica _955896 |
||
| 245 | 1 | 0 |
_aInternamiento / _cSherezada Vicioso (Chiqui). |
| 260 |
_aSanto Domingo : _bMediabyte, _c1992. |
||
| 300 |
_a59 p. : _bil. |
||
| 490 | 1 | _aLatin American women writers | |
| 500 | _aIncluye datos biográficos de la autora | ||
| 830 | 0 |
_aLatin American women writers _973159 |
|
| 999 |
_c44631 _d44631 |
||